|
|
|
|
| LEADER |
00000nam a2200000Ii 4500 |
| 001 |
DIGDEU0191 |
| 003 |
NyNyDIG |
| 008 |
221229s2013 sp d ob 000 0 baq d |
| 006 |
m o d |
| 007 |
cr ||||||||||| |
| 035 |
|
|
|a (OCoLC)1367361276
|
| 040 |
|
|
|a DGITA
|b eng
|e rda
|e pn
|c DGITA
|
| 020 |
|
|
|a 9788498304213
|q eBook
|
| 020 |
|
|
|z 9788415759058
|
| 050 |
1 |
4 |
|a QP86 ebook
|
| 100 |
1 |
|
|a López Paz, Juan Francisco,
|e author.
|
| 245 |
1 |
0 |
|a Zahartze osasungarria :
|b erreferenteak eta baliabideak /
|c Juan Fco. López Paz ; hizkuntza-egokitzaileak, Sara Muniozguren eta Agurtzane Mallona.
|
| 264 |
|
1 |
|a Bilbao :
|b Deustuko Unibertsitatea,
|c 2013.
|
| 300 |
|
|
|a 1 online resource :
|b charts.
|
| 336 |
|
|
|a text
|b txt
|2 rdacontent
|
| 337 |
|
|
|a computer
|b c
|2 rdamedia
|
| 338 |
|
|
|a online resource
|b cr
|2 rdacarrier
|
| 347 |
|
|
|a text file
|2 rdaft
|
| 347 |
|
|
|b PDF
|
| 490 |
1 |
|
|a Psikologia Saila ;
|v 16 zk
|
| 504 |
|
|
|a Includes bibliographical references.
|
| 588 |
0 |
|
|a Online resource; title from PDF title page (Digitalia, viewed December 29, 2022)
|
| 650 |
|
0 |
|a Aging
|x Psychological aspects.
|
| 650 |
|
0 |
|a Aging
|x Social aspects.
|
| 700 |
1 |
|
|a Muniozguren, Sara,
|e translator.
|
| 700 |
1 |
|
|a Mallona, Agurtzane,
|e translator.
|
| 791 |
2 |
|
|a Digitalia (Firm),
|e distributor.
|
| 793 |
0 |
|
|g Digitalia eBook Collection:
|a Universidad de Deusto
|
| 776 |
0 |
8 |
|i Print version:
|a López Paz, Juan Francisco.
|t Zahartze osasungarria.
|d Bilbao : Deustuko Unibertsitatea, [2013]
|z 9788415759058
|
| 830 |
|
0 |
|a Serie Psicología (Universidad de Deusto) ;
|v v. 16.
|
| 856 |
4 |
0 |
|3 Digitalia Hispánica
|u https://www.digitaliapublishing.com/a/45114/
|
| 910 |
|
|
|a Premium collection: 2022
|